000
00286nam a2200109 a 4500
005
20140414132121.0
008
120822s19uu xx 00 eng d
050
_a
TR 372.3044
_b
C736 2004
245
_a
Complete home instruction course.
650
_a
Mathematics-manual.
999
_c
115058
_d
115058